000 00865nam a2200217 a 4500
001 000041619
005 20201002035654.0
008 131014s1983 sp a 000 0 spa d
020 _a8400055284
040 _aDO-SdBNP
_bspa
_cBNPHU
082 _axxx
_bM385f
100 1 _aMartínez Martín, Francisco Miguel.
_968399
245 1 0 _aFonética y Sociolingüística en la Ciudad de Burgos /
_cFrancisco Miguel Martínez Martín ; prólogo Antonio Quilis.
260 _aMadrid :
_bConsejo Superior de Investigaciones Científicas,
_bInstituto "Miguel de Cervantes",
_c1983.
300 _a225 p. :
_bil. ;
_c22 cm.
490 1 _aCollectanea phonetica
_v8
504 _aBibliografía: p. 217-225
500 _aIncluye referencias bibliográficas y notas al pie de las páginas.
700 1 2 _aQuilis, Antonio.
_epról.
_928481
830 0 _aCollectanea phonetica
_n8
_968400
999 _c41109
_d41109